| 000 | 00594cam a22002171 4500 | ||
|---|---|---|---|
| 001 | ne 64000221 | ||
| 003 | DLC | ||
| 005 | 20260227111755.0 | ||
| 008 | 881206s1958 xx ac 000 0 arar | ||
| 010 | _ane 64000221 | ||
| 035 | _a(OCoLC)23514473 | ||
| 040 |
_aDLC _cMiU _dDLC |
||
| 042 | _apremarc | ||
| 050 | 0 | 0 |
_aGV697.A2 _bH3 |
| 100 | 1 | _aḤāfiẓ, Abū al-Ḥajjāj. | |
| 245 | 1 | 3 | _aal-Baṭal ʻUthmān ʻAbd al-Ḥafīẓ. |
| 260 |
_a[n. p.] _c[1958?] |
||
| 300 |
_a173 p. _billus., ports. _c20 cm. |
||
| 500 | _aRomanized. | ||
| 600 | 1 | 0 |
_aʻAbd al-Ḥafīẓ, ʻUthmān, _d1917-1958. |
| 999 |
_c46635 _d46635 |
||